Central Library and Information Centre
Sibsagar Girls' College, Sivasagar : Assam

FILM AND FICTION: WORD INTO IMAGE (Record no. 27457)

MARC details
000 -LEADER
fixed length control field 00410cam a2200133ua 4500
001 - CONTROL NUMBER
control field 24209
008 - FIXED-LENGTH DATA ELEMENTS--GENERAL INFORMATION
fixed length control field 181008n II |||gr||||Z||||||eng
082 ## - DEWEY DECIMAL CLASSIFICATION NUMBER
Classification number 823
100 1# - MAIN ENTRY--PERSONAL NAME
Personal name MANDAL, SOMDATTA,
Relator term AUTHOR.
245 1# - TITLE STATEMENT
Title FILM AND FICTION: WORD INTO IMAGE
Medium Textual Documents
653 ## - INDEX TERM--UNCONTROLLED
Uncontrolled term English fiction

No items available.



Sibsagar Girl's College © 2020. All rights reserved.
Powered by Koha.
Maintained by Abhijit Borpuzari.